000 00591nam a2200193Ia 4500
008 140321s9999 xx 000 0 und d
020 _a9780495898849
050 _aPN 1992.75
_b.Z57 2012
100 _aZettl, Herbert
245 _aTelevision production handbook /
_cHerbert Zettl.
250 _a11th ed.
260 _aMassachusetts :
_bWadsworth Cengage Learning,
_cc2012.
300 _a514 p. :
_bcol. ill. ;
_c26 cm.
500 _aIncludes index.
521 _aMC
650 _aTelevision
_xProduction and direction -- Handbooks, manuals, etc.
942 _kFOR
_cBK
999 _c48583
_d48583